000 01188nam a2200301 a 4500
008 230412b2010 ag ||||| |||| 001 0 spa d
020 _a9789500607940
041 _aspa
092 _c618.92
_l24
_sFEJ
100 1 _aFejerman, Natalio
_94196
245 _aNeurología pediátrica /
_cNatalio Fejerman
250 _a3a ed.
260 _aBuenos Aires:
_bEditorial Médica Panamericana;
_c2010.
300 _a1120 p.
500 _aFejerman, N. y Fernández Álvarez, E. (2010). Neurología pediátrica. (3a ed.). Buenos Aires : Editorial Médica Panamericana.
653 _aConsulta neurológica
653 _aNeurología fetal y neonatal
653 _aTrastornos del desarrollo y retardo mental
653 _aEncefalopatías no evolutivas y evolutivas
653 _aTrastornos motores centrales y periféricos
653 _aTrastornos paroxísticos y síntomas episódicos
653 _aTrastornos del aprendizaje, el lenguaje y la conducta
653 _aHipertensión endocraneana y patología neuroquirúrgica
653 _aInfecciones en el sistema nervioso central
653 _aPatologías varias
700 1 _aFernández Álvarez, Emilio
_94197
942 _2ddc
_cBK
999 _c3164
_d3164